000 00468nam a2200205Ia 4500
003 OSt
005 20221007112300.0
006 a|||||r|||| 00| 0
007 ta
008 221006b |||||||| |||| 00| 0 eng d
024 _a25,985
037 _cBound Volume
040 _aLCO
_cLCO
_beng
041 _2eng
_aeng
245 0 _aTAXATION LAW REPORTS
260 _c1971
490 _v35 -2005
942 _cCR
999 _c1195548
_d1195548